[Event "San Sebastian op 41st"]
[Site "San Sebastian"]
[Date "2018.03.28"]
[Round "6"]
[White "Corral Sierra, Javier"]
[Black "Delgado Crespo, Mairelys"]
[Result "1-0"]
[WhiteElo "2040"]
[BlackElo "2250"]
[PlyCount "141"]
[EventDate "2018.03.24"]
[EventType "swiss"]
[EventRounds "9"]
[EventCountry "ESP"]
[SourceTitle "CBM 183 Extra"]
[Source "ChessBase"]
[SourceDate "2018.04.19"]
[SourceVersion "1"]
[SourceVersionDate "2018.04.19"]
[SourceQuality "1"]

1. Nf3 d5 2. c4 e6 3. g3 Nf6 4. Bg2 Be7 5. 0-0 0-0 6. d4 dxc4 7. Qc2 a6 8. Qxc4 b5 9. Qc2 Bb7 10. Bd2 Be4 11. Qc1 Nbd7 12. Ba5 Nb6 13. Nbd2 Bb7 14. Rd1 Rc8 15. Nb3 Na4 16. Rd2 Be4 17. Qf1 Qd5 18. Ne1 Bxg2 19. Nxg2 Qf5 20. Ne3 Qe4 21. Rc1 c6 22. Rdc2 Nd7 23. Qg2 Qxg2+ 24. Kxg2 c5 25. dxc5 Naxc5 26. Nxc5 Rxc5 27. Rxc5 Bxc5 28. Nc2 Ne5 29. b3 Nc6 30. Ne1 Bb4 31. Rxc6 Bxa5 32. Nd3 Ra8 33. Nc5 Bb4 34. Nxa6 Ba3 35. Rb6 Bf8 36. Kf3 g6 37. Nc7 Rxa2 38. Nxb5 h5 39. Rb8 Kg7 40. Nc7 g5 41. b4 Ra7 42. Ne8+ Kg6 43. b5 Ra3+ 44. e3 Bc5 45. Rc8 Be7 46. Rc7 Bd8 47. Rc6 Rb3 48. Nd6 Bf6 49. b6 Be5 50. Ke4 Bxd6 51. Rxd6 Rb2 52. Kd3 Kf6 53. Kc3 Rb1 54. Kc2 Rb5 55. Rc6 Ke5 56. Rc7 Rxb6 57. Rxf7 Ke4 58. h4 g4 59. Rf4+ Ke5 60. Kd3 Rb2 61. Rf8 Rb5 62. Rh8 Kf6 63. Rh6+ Kf7 64. Ke4 Rf5 65. Kd3 Ra5 66. e4 Rb5 67. Ke3 Ra5 68. Kf4 Ra2 69. Rxh5 Rxf2+ 70. Kxg4 Re2 71. Kf3 1-0

[Event "San Sebastian op 41st"]
[Site "San Sebastian"]
[Date "2018.03.25"]
[Round "2"]
[White "Vicente Ezeiza, Mikel"]
[Black "Delgado Crespo, Mairelys"]
[Result "1/2-1/2"]
[WhiteElo "1921"]
[BlackElo "2250"]
[PlyCount "38"]
[EventDate "2018.03.24"]
[EventType "swiss"]
[EventRounds "9"]
[EventCountry "ESP"]
[SourceTitle "CBM 183 Extra"]
[Source "ChessBase"]
[SourceDate "2018.04.19"]
[SourceVersion "1"]
[SourceVersionDate "2018.04.19"]
[SourceQuality "1"]

1. e4 e6 2. d4 d5 3. exd5 exd5 4. Bd3 Bd6 5. Ne2 Bg4 6. 0-0 Ne7 7. f3 Bf5 8. Bf4 0-0 9. Bxd6 Qxd6 10. Ng3 Bxd3 11. Qxd3 Nd7 12. Re1 Nf6 13. Qa3 Qxa3 14. Nxa3 Nc6 15. c3 a6 16. Nc2 Rfe8 17. Rxe8+ Rxe8 18. Re1 Rxe1+ 19. Nxe1 g6 1/2-1/2

[Event "Aragon-chT Preferente Gr I "]
[Site "Aragon"]
[Date "2018.02.24"]
[Round "5.33"]
[White "Delgado Crespo, Mairelys"]
[Black "Lopez Caudevilla, David"]
[Result "1/2-1/2"]
[WhiteElo "2250"]
[BlackElo "2115"]
[PlyCount "143"]
[EventDate "2018.01.27"]
[EventType "team-tourn"]
[EventRounds "9"]
[EventCountry "ESP"]
[SourceTitle "EXT 2019"]
[Source "ChessBase"]
[SourceDate "2018.10.10"]
[SourceVersion "1"]
[SourceVersionDate "2018.10.10"]
[SourceQuality "1"]
[WhiteTeam "Jaime Casas II"]
[BlackTeam "Actur Rey Fernando"]
[WhiteTeamCountry "ESP"]
[BlackTeamCountry "ESP"]

1. e4 g6 2. d4 Bg7 3. Nc3 c6 4. Nf3 d5 5. h3 Nf6 6. e5 Ne4 7. Nxe4 dxe4 8. Ng5 c5 9. c3 cxd4 10. cxd4 Nc6 11. Be3 Qa5+ 12. Qd2 Qxd2+ 13. Kxd2 0-0 14. Rd1 h6 15. Nxe4 Be6 16. Nc3 Rfd8 17. Kc1 Nb4 18. a3 Nd5 19. Nxd5 Bxd5 20. Rd3 f6 21. exf6 exf6 22. Rc3 Kh7 23. f3 Re8 24. Bb5 Re7 25. Re1 a6 26. Bc4 Bxc4 27. Rxc4 Rae8 28. Kd2 f5 29. Bf2 Bf6 30. Rxe7+ Rxe7 31. Kd3 Kg7 32. Bg3 Kf7 33. Rc7 Ke6 34. Kc4 Rxc7+ 35. Bxc7 Be7 36. a4 Bf8 37. b4 Be7 38. b5 Bf8 39. Bb6 h5 40. Bc5 Bh6 41. bxa6 bxa6 42. Bb4 Bg5 43. Bf8 Bc1 44. Bg7 Ba3 45. Bh6 Be7 46. Bf4 Bf8 47. d5+ Kd7 48. Kd4 Bb4 49. g4 fxg4 50. fxg4 hxg4 51. hxg4 Bf8 52. Bg3 Be7 53. Ke4 Bc5 54. Be5 Ba3 55. Kf4 Bc1+ 56. Kg3 Ba3 57. Bf4 Bb4 58. Kh4 Be7+ 59. Bg5 Bb4 60. Bf6 Bd2 61. Be5 Bc1 62. Kg3 Ba3 63. Kf3 Bc1 64. Ke4 Ba3 65. Bc3 Bf8 66. Kd4 Bg7+ 67. Kc4 Bf8 68. Bb4 Bh6 69. d6 Kc6 70. Kd4 Bf4 71. d7 Kxd7 72. Kd5 1/2-1/2

[Event "Aragon-chT Preferente A"]
[Site "Aragon"]
[Date "2017.02.11"]
[Round "3.49"]
[White "Delgado Crespo, Mairelys"]
[Black "Vallverdu Miret, Oscar"]
[Result "1/2-1/2"]
[WhiteElo "2261"]
[BlackElo "2071"]
[PlyCount "40"]
[EventDate "2017.01.28"]
[EventType "team-tourn"]
[EventRounds "9"]
[EventCountry "ESP"]
[SourceTitle "EXT 2018"]
[Source "ChessBase"]
[SourceDate "2017.10.13"]
[SourceVersion "1"]
[SourceVersionDate "2017.10.13"]
[SourceQuality "1"]
[WhiteTeam "Jaime Casas II"]
[BlackTeam "Fraga"]
[WhiteTeamCountry "ESP"]
[BlackTeamCountry "ESP"]

1. e4 c6 2. d4 d5 3. e5 c5 4. c3 Nc6 5. Nf3 Bg4 6. Be2 e6 7. 0-0 Nge7 8. Na3 Nf5 9. Nc2 Bxf3 10. Bxf3 cxd4 11. Nxd4 Nfxd4 12. cxd4 Be7 13. Be3 0-0 14. Be2 Qb6 15. Qd2 Rac8 16. Rfc1 Rc7 17. a3 Rfc8 18. Rc3 Na5 19. Rxc7 Rxc7 20. Rf1 Nc4 1/2-1/2

[Event "Aragon-chT Preferente B"]
[Site "Aragon"]
[Date "2016.02.20"]
[Round "4.54"]
[White "Alonso Blasco, Jose Miguel"]
[Black "Delgado Crespo, Mairelys"]
[Result "0-1"]
[WhiteElo "2064"]
[BlackElo "2256"]
[PlyCount "136"]
[EventDate "2016.01.30"]
[EventType "team-tourn"]
[EventRounds "9"]
[EventCountry "ESP"]
[SourceTitle "EXT 2018"]
[Source "ChessBase"]
[SourceDate "2017.10.13"]
[SourceVersion "1"]
[SourceVersionDate "2017.10.13"]
[SourceQuality "1"]
[WhiteTeam "Las Fuentes"]
[BlackTeam "Jaime Casas II"]
[WhiteTeamCountry "ESP"]
[BlackTeamCountry "ESP"]

1. e4 e6 2. d4 d5 3. Nd2 a6 4. Ngf3 c5 5. exd5 exd5 6. Be2 Nc6 7. dxc5 Bxc5 8. Nb3 Bb6 9. c3 Nf6 10. 0-0 Qd6 11. Bg5 Ne4 12. Bh4 0-0 13. Bg3 Nxg3 14. hxg3 Qxg3 15. Qxd5 Rd8 16. Qg5 Qxg5 17. Nxg5 Ne5 18. Nf3 Bg4 19. Nxe5 Bxe2 20. Rfe1 Bb5 21. Nf3 Re8 22. Rxe8+ Rxe8 23. Re1 Rxe1+ 24. Nxe1 f6 25. Nf3 Kf7 26. Nfd4 Bc4 27. a3 h5 28. g3 g5 29. Kg2 Bd5+ 30. Kg1 h4 31. gxh4 gxh4 32. Nd2 Kg6 33. Kh2 Kg5 34. Kh3 Bxd4 35. cxd4 Be6+ 36. Kh2 Kf4 37. Kg2 Kg4 38. Kh2 Bd5 39. Kg1 Kf4 40. Kh2 Be6 41. Kg2 Bg4 42. Kh2 Bd7 43. Kg2 Kf5 44. Kh3 Kg5+ 45. Kh2 Kg6 46. Nf3 Kf5 47. Nd2 Ke6 48. Ne4 Ke7 49. Nd2 Bf5 50. Nf3 h3 51. Ng1 Kd6 52. Nxh3 Kd5 53. Nf4+ Kxd4 54. Nh5 Kc4 55. Nxf6 Kb3 56. Nd5 Kxb2 57. Ne3 Be6 58. a4 Kb3 59. f4 Kxa4 60. f5 Bf7 61. Ng4 Kb3 62. Ne5 Bd5 63. f6 a5 64. f7 Bxf7 65. Nxf7 a4 66. Nd6 a3 67. Nxb7 a2 68. Nc5+ Kc4 0-1

[Event "Aragon-chT Preferente Descenso"]
[Site "Aragon"]
[Date "2013.04.06"]
[Round "10.37"]
[White "Cantin Zaborras, Valentin"]
[Black "Delgado Crespo, Mairelys"]
[Result "0-1"]
[WhiteElo "2123"]
[BlackElo "2249"]
[PlyCount "102"]
[EventDate "2013.01.26"]
[EventType "team-tourn"]
[EventRounds "10"]
[EventCountry "ESP"]
[SourceTitle "EXT 2014"]
[Source "ChessBase"]
[SourceDate "2013.11.20"]
[SourceVersion "1"]
[SourceVersionDate "2013.11.20"]
[SourceQuality "1"]
[WhiteTeam "Ramiro II"]
[BlackTeam "Jaime Casas II"]
[WhiteTeamCountry "ESP"]
[BlackTeamCountry "ESP"]

1. e4 e6 2. d4 d5 3. Nd2 a6 4. c3 c5 5. Ngf3 cxd4 6. cxd4 Nc6 7. Bd3 dxe4 8. Nxe4 Bb4+ 9. Nc3 Nf6 10. 0-0 0-0 11. Bg5 Be7 12. a3 h6 13. Be3 Nd5 14. Bc2 f5 15. Re1 Bf6 16. Nxd5 Qxd5 17. Bb3 Qd6 18. d5 exd5 19. Qxd5+ Qxd5 20. Bxd5+ Kh7 21. Rab1 Re8 22. b4 Be6 23. Red1 Rad8 24. Bxe6 Rxd1+ 25. Rxd1 Rxe6 26. g3 Bb2 27. Rd3 Ne5 28. Nxe5 Bxe5 29. a4 Rd6 30. Rxd6 Bxd6 31. Bd2 Kg6 32. Kf1 Kf7 33. Ke2 Ke6 34. Kd3 Kd5 35. h3 b5 36. axb5 axb5 37. g4 fxg4 38. hxg4 Bf8 39. f3 g6 40. Be1 h5 41. gxh5 gxh5 42. Kc3 Be7 43. Bg3 h4 44. Bh2 h3 45. Kd3 Bxb4 46. f4 Bd6 47. Bg3 b4 48. Bh2 Bc5 49. Kc2 Ke4 50. Kb3 Kf3 51. f5 Kg2 0-1

[Event "Aragon-chT Preferente A"]
[Site "Aragon"]
[Date "2013.03.02"]
[Round "6.33"]
[White "Delgado Crespo, Mairelys"]
[Black "Roche Simon, Manuel Angel"]
[Result "1-0"]
[WhiteElo "2249"]
[BlackElo "2134"]
[PlyCount "87"]
[EventDate "2013.01.26"]
[EventType "team"]
[EventRounds "9"]
[EventCountry "ESP"]
[SourceTitle "EXT 2014"]
[Source "ChessBase"]
[SourceDate "2013.11.20"]
[SourceVersion "1"]
[SourceVersionDate "2013.11.20"]
[SourceQuality "1"]
[WhiteTeam "Jaime Casas II"]
[BlackTeam "Delicias CCOO"]
[WhiteTeamCountry "ESP"]
[BlackTeamCountry "ESP"]

1. e4 c5 2. Nf3 Nc6 3. d4 cxd4 4. Nxd4 Qc7 5. Be2 e6 6. 0-0 a6 7. Nc3 b5 8. Nxc6 dxc6 9. f4 Bc5+ 10. Kh1 Ne7 11. Bd3 f5 12. Qh5+ g6 13. Qh6 Kf7 14. Bd2 Ng8 15. Qh3 Nf6 16. Rae1 Ng4 17. Nd1 h5 18. Bc3 Rd8 19. Qf3 Bb7 20. Qh3 Bc8 21. Qf3 Bb7 22. a3 a5 23. Qe2 Re8 24. a4 Qe7 25. Rf3 Bb6 26. Qf1 Qc5 27. Bd2 bxa4 28. Ne3 Rad8 29. Nc4 Nf2+ 30. Rxf2 Qxf2 31. Qxf2 Bxf2 32. Re2 Bd4 33. Bxa5 Ra8 34. Nd6+ Kg8 35. Nxe8 Rxe8 36. c3 Bc5 37. exf5 Ra8 38. fxe6 Rxa5 39. e7 Bxe7 40. Rxe7 a3 41. Rxb7 a2 42. Bc4+ Kh8 43. Bxa2 Rxa2 44. Kg1 1-0

[Event "Olympiad Women-38"]
[Site "Dresden"]
[Date "2008.11.23"]
[Round "10"]
[White "Citra, Dewi Ardhiani Anast"]
[Black "Delgado Crespo, Mairelys"]
[Result "1-0"]
[WhiteElo "1802"]
[BlackElo "2277"]
[PlyCount "57"]
[EventDate "2008.11.13"]
[EventType "team-swiss"]
[EventRounds "11"]
[EventCountry "GER"]
[SourceTitle "CBM 128"]
[Source "ChessBase"]
[SourceDate "2009.01.28"]
[SourceVersion "1"]
[SourceVersionDate "2009.01.28"]
[SourceQuality "1"]
[WhiteTeam "Indonesia (W)"]
[BlackTeam "Spain (W)"]
[WhiteTeamCountry "INA"]
[BlackTeamCountry "ESP"]

1. e4 c5 2. Nf3 e6 3. d4 cxd4 4. Nxd4 Qb6 5. Nb3 Qc7 6. Bd3 a6 7. 0-0 Nf6 8. f4 d6 9. a4 b6 10. Nc3 Bb7 11. g4 Be7 12. Be3 h5 13. g5 Ng4 14. Bc1 d5 15. Qe2 dxe4 16. Nxe4 f5 17. gxf6 gxf6 18. h3 Nh6 19. Nd4 f5 20. Nxe6 Qc6 21. Nd4 Rg8+ 22. Kh2 Qg6 23. Ng5 Qd6 24. Qxh5+ Kd8 25. Nde6+ Kd7 26. Rd1 Bd5 27. Bc4 Qxe6 28. Rxd5+ Qxd5 29. Bxd5 1-0

[Event "Olympiad Women-38"]
[Site "Dresden"]
[Date "2008.11.21"]
[Round "8"]
[White "Nakhbayeva, Guliskhan"]
[Black "Delgado Crespo, Mairelys"]
[Result "1-0"]
[WhiteElo "2201"]
[BlackElo "2277"]
[PlyCount "89"]
[EventDate "2008.11.13"]
[EventType "team-swiss"]
[EventRounds "11"]
[EventCountry "GER"]
[SourceTitle "CBM 128"]
[Source "ChessBase"]
[SourceDate "2009.01.28"]
[SourceVersion "1"]
[SourceVersionDate "2009.01.28"]
[SourceQuality "1"]
[WhiteTeam "Kazakhstan (W)"]
[BlackTeam "Spain (W)"]
[WhiteTeamCountry "KAZ"]
[BlackTeamCountry "ESP"]

1. d4 d5 2. c4 e6 3. Nf3 c6 4. Qc2 Nf6 5. g3 Nbd7 6. Bg2 Bd6 7. 0-0 0-0 8. Rd1 Qe7 9. Nbd2 e5 10. dxe5 Nxe5 11. Nxe5 Qxe5 12. Nf3 Bf5 13. Qd2 Qe7 14. Nd4 Be4 15. f3 Bg6 16. cxd5 cxd5 17. Qe3 Qd7 18. Qb3 h6 19. Be3 Rfe8 20. Bf2 Bc5 21. Bf1 Rac8 22. Rac1 b6 23. Kg2 a6 24. a4 Qb7 25. Rc3 Nd7 26. Rdc1 Rc7 27. g4 Bd6 28. Rxc7 Bxc7 29. e3 Bd6 30. Rc6 Be5 31. Qxd5 Nf6 32. Qc4 Kh8 33. h3 Rd8 34. Qxa6 Qxa6 35. Bxa6 Nd5 36. Bc4 Bxd4 37. exd4 Nf4+ 38. Kg3 Nd3 39. Rxb6 Nxf2 40. Kxf2 Rxd4 41. b3 Rd2+ 42. Kg3 Ra2 43. f4 Be4 44. Kh4 Rh2 45. Bxf7 1-0

[Event "Olympiad Women-38"]
[Site "Dresden"]
[Date "2008.11.16"]
[Round "4"]
[White "Ozturk Orenli, Kubra"]
[Black "Delgado Crespo, Mairelys"]
[Result "1/2-1/2"]
[WhiteElo "2254"]
[BlackElo "2277"]
[PlyCount "74"]
[EventDate "2008.11.13"]
[EventType "team-swiss"]
[EventRounds "11"]
[EventCountry "GER"]
[SourceTitle "CBM 128"]
[Source "ChessBase"]
[SourceDate "2009.01.28"]
[SourceVersion "1"]
[SourceVersionDate "2009.01.28"]
[SourceQuality "1"]
[WhiteTeam "Turkey (W)"]
[BlackTeam "Spain (W)"]
[WhiteTeamCountry "TUR"]
[BlackTeamCountry "ESP"]

1. d4 d5 2. c4 e6 3. Nf3 Nf6 4. Bg5 Be7 5. e3 Nbd7 6. Nc3 0-0 7. a3 Ne4 8. Bxe7 Qxe7 9. Rc1 Nxc3 10. Rxc3 c6 11. Bd3 e5 12. dxe5 Nxe5 13. Nxe5 Qxe5 14. cxd5 Qxd5 15. 0-0 Bf5 16. Bxf5 Qxf5 17. Qb3 Qd7 18. Rd1 Qe7 19. Rcd3 Rad8 20. h3 Rxd3 21. Rxd3 g6 22. Qd1 Qe5 23. b4 a5 24. Rd7 axb4 25. axb4 Ra8 26. Rd8+ Rxd8 27. Qxd8+ Kg7 28. Qb6 Qa1+ 29. Kh2 Qe5+ 30. f4 Qe7 31. Kg3 Qe4 32. Kf2 Qc2+ 33. Kf3 Qd1+ 34. Kf2 Qd2+ 35. Kg3 h5 36. Kf3 Qd1+ 37. Kf2 Qd2+ 1/2-1/2

[Event "Aragon-chT Autonomico"]
[Site "Aragon"]
[Date "2007.03.10"]
[Round "7"]
[White "Delgado Crespo, Mairelys"]
[Black "Cortes Lizano, Jesus"]
[Result "0-1"]
[WhiteElo "2298"]
[BlackElo "2154"]
[PlyCount "98"]
[EventDate "2007.01.27"]
[EventType "team"]
[EventRounds "9"]
[EventCountry "ESP"]
[SourceTitle "EXT 2008"]
[Source "ChessBase"]
[SourceDate "2007.11.25"]
[SourceVersion "1"]
[SourceVersionDate "2007.11.25"]
[SourceQuality "1"]
[WhiteTeam "Jaime Casas"]
[BlackTeam "St Casablanca II"]
[WhiteTeamCountry "ESP"]
[BlackTeamCountry "ESP"]

1. e4 c5 2. Nf3 d6 3. Bb5+ Nd7 4. d4 cxd4 5. Qxd4 e5 6. Qd3 h6 7. 0-0 Be7 8. c4 a6 9. Bxd7+ Bxd7 10. Nc3 Nf6 11. a4 Rc8 12. b3 Be6 13. Re1 Nd7 14. Ba3 0-0 15. Nd5 Nc5 16. Bxc5 Rxc5 17. b4 Rc6 18. Nd2 Bg5 19. Nb3 Rc8 20. Rad1 Bxd5 21. Qxd5 Qb6 22. b5 Qc7 23. a5 Rfd8 24. bxa6 bxa6 25. Nd2 Qd7 26. Nb3 Qa4 27. Nd2 Rc5 28. Qd3 Bxd2 29. Qxd2 Rxa5 30. Qc3 Rc5 31. Ra1 Qc6 32. Qa3 Ra8 33. Rad1 a5 34. h3 Ra6 35. Rd5 a4 36. Rxc5 Qxc5 37. Qxc5 dxc5 38. Ra1 a3 39. Kf1 g6 40. Ke2 Kg7 41. Kd3 f5 42. exf5 gxf5 43. Kc3 Kf6 44. Kb3 a2 45. g3 e4 46. Rxa2 Rxa2 47. Kxa2 Ke5 48. Ka3 Kd4 49. Kb3 Kd3 0-1

[Event "Aragon-chT Autonomico"]
[Site "Aragon"]
[Date "2007.01.27"]
[Round "1"]
[White "Delgado Crespo, Mairelys"]
[Black "Labena Bernal, Antonio"]
[Result "1-0"]
[WhiteElo "2298"]
[BlackElo "2037"]
[PlyCount "85"]
[EventDate "2007.01.27"]
[EventType "team"]
[EventRounds "9"]
[EventCountry "ESP"]
[SourceTitle "EXT 2008"]
[Source "ChessBase"]
[SourceDate "2007.11.25"]
[SourceVersion "1"]
[SourceVersionDate "2007.11.25"]
[SourceQuality "1"]
[WhiteTeam "Jaime Casas"]
[BlackTeam "St Casablanca III"]
[WhiteTeamCountry "ESP"]
[BlackTeamCountry "ESP"]

1. e4 e5 2. Nf3 Nc6 3. Bb5 a6 4. Ba4 Nf6 5. d4 exd4 6. e5 Ne4 7. 0-0 Nc5 8. Bxc6 dxc6 9. Qxd4 Qxd4 10. Nxd4 Ne6 11. Nxe6 Bxe6 12. Be3 Bf5 13. c3 0-0-0 14. Re1 Rd7 15. Nd2 Bc5 16. Nb3 Bxe3 17. Rxe3 Rhd8 18. Rae1 Be6 19. f4 b6 20. Nd4 c5 21. Nxe6 fxe6 22. Kf2 b5 23. a3 a5 24. R1e2 Kb7 25. g4 g6 26. Rf3 Kc6 27. f5 gxf5 28. gxf5 exf5 29. Rxf5 Rd2 30. Rf6+ Kb7 31. e6 Rxe2+ 32. Kxe2 Re8 33. Rh6 Re7 34. Kd3 Kc6 35. Ke4 Kd6 36. Kf5 c6 37. h4 Kd5 38. Rf6 a4 39. h5 Kd6 40. Rf8 Rg7 41. Rd8+ Kc7 42. Kf6 Rg2 43. e7 1-0

[Event "Olympiad Women-37"]
[Site "Turin"]
[Date "2006.06.02"]
[Round "11"]
[White "Perez Rodriguez, Jennifer"]
[Black "Delgado Crespo, Mairelys"]
[Result "1-0"]
[WhiteElo "2263"]
[BlackElo "2296"]
[PlyCount "27"]
[EventDate "2006.05.21"]
[EventType "team-swiss"]
[EventRounds "13"]
[EventCountry "ITA"]
[SourceTitle "CBM 112 Extra"]
[Source "ChessBase"]
[SourceDate "2006.07.14"]
[SourceVersion "1"]
[SourceVersionDate "2006.07.14"]
[SourceQuality "1"]
[WhiteTeam "Cuba (W)"]
[BlackTeam "Spain (W)"]
[WhiteTeamCountry "CUB"]
[BlackTeamCountry "ESP"]

1. e4 e6 2. d4 d5 3. exd5 exd5 4. c4 Bb4+ 5. Nc3 Ne7 6. Bd3 Nbc6 7. a3 Bxc3+ 8. bxc3 0-0 9. Nf3 dxc4 10. Bxc4 Nd5 11. 0-0 Nxc3 12. Qd3 Nd5 13. Ng5 h6 14. Qh7# 1-0

[Event "ESP Autonomico-chT"]
[Site "Spain"]
[Date "2006.02.25"]
[Round "4.7"]
[White "Delgado Crespo, Mairelys"]
[Black "Lopez Gracia, Fernando"]
[Result "1/2-1/2"]
[WhiteElo "2300"]
[BlackElo "2369"]
[PlyCount "86"]
[EventDate "2006.02.04"]
[EventType "team"]
[EventRounds "9"]
[EventCountry "ESP"]
[SourceTitle "EXT 2007"]
[Source "ChessBase"]
[SourceDate "2006.11.23"]
[SourceVersion "1"]
[SourceVersionDate "2006.11.23"]
[SourceQuality "1"]

1. e4 c5 2. Nf3 d6 3. Bb5+ Bd7 4. Bxd7+ Qxd7 5. 0-0 Nf6 6. Re1 Nc6 7. c3 e6 8. d4 cxd4 9. cxd4 d5 10. e5 Ne4 11. Nbd2 Nxd2 12. Bxd2 Be7 13. Bg5 Bxg5 14. Nxg5 h6 15. Nf3 0-0 16. Rc1 Rfc8 17. Re3 Na5 18. b3 Rxc1 19. Qxc1 Rc8 20. Rc3 Rc6 21. Rxc6 Qxc6 22. Qd2 Qb6 23. Ne1 Nc6 24. Nc2 Qb5 25. f4 a5 26. Kf2 a4 27. Qc3 axb3 28. axb3 Qa6 29. h3 Qa2 30. Kg3 Qb1 31. Na3 Qf1 32. Qd2 Ne7 33. Nc2 Nf5+ 34. Kh2 h5 35. Ne1 Nxd4 36. Qxd4 Qxe1 37. Qa4 g6 38. Qe8+ Kg7 39. Qe7 Qb1 40. g4 Qc2+ 41. Kg3 Qxb3+ 42. Kh4 hxg4 43. hxg4 Qb2 1/2-1/2

[Event "Las Palmas op"]
[Site "Las Palmas"]
[Date "2005.11.30"]
[Round "7.18"]
[White "Delgado Crespo, Mairelys"]
[Black "Diaz Diaz, Abel"]
[Result "1/2-1/2"]
[WhiteElo "2318"]
[BlackElo "2122"]
[PlyCount "62"]
[EventDate "2005.11.25"]
[EventType "swiss"]
[EventRounds "9"]
[EventCountry "ESP"]
[SourceTitle "CBM 109 Extra"]
[Source "ChessBase"]
[SourceDate "2006.01.03"]
[SourceVersion "2"]
[SourceVersionDate "2006.01.03"]
[SourceQuality "1"]

1. e4 e6 2. d4 d5 3. Nd2 Nf6 4. e5 Nfd7 5. Ngf3 c5 6. c3 Nc6 7. Bd3 cxd4 8. cxd4 f6 9. exf6 Nxf6 10. 0-0 Bd6 11. Re1 0-0 12. Nf1 Bd7 13. a3 a5 14. Bc2 Qb6 15. Ng3 Rae8 16. Bg5 Re7 17. Qd3 Be8 18. Qb3 Qxb3 19. Bxb3 h6 20. Be3 Bg6 21. Ne5 Bxe5 22. dxe5 Nd7 23. f4 d4 24. Bd2 Nc5 25. Ba2 Nd3 26. Rf1 Kh8 27. Bb1 Bh7 28. Bxd3 Bxd3 29. Rfe1 Bc2 30. Nf1 Rd7 31. g3 b5 1/2-1/2

[Event "Las Palmas op"]
[Site "Las Palmas"]
[Date "2005.11.26"]
[Round "3.12"]
[White "Delgado Crespo, Mairelys"]
[Black "Cramling, Pia"]
[Result "0-1"]
[WhiteElo "2318"]
[BlackElo "2492"]
[PlyCount "82"]
[EventDate "2005.11.25"]
[EventType "swiss"]
[EventRounds "9"]
[EventCountry "ESP"]
[SourceTitle "CBM 109 Extra"]
[Source "ChessBase"]
[SourceDate "2006.01.03"]
[SourceVersion "2"]
[SourceVersionDate "2006.01.03"]
[SourceQuality "1"]

1. e4 c5 2. Nf3 e6 3. c3 Nf6 4. e5 Nd5 5. d4 cxd4 6. cxd4 d6 7. Nc3 Nxc3 8. bxc3 Qc7 9. exd6 Bxd6 10. Bb2 Nd7 11. Bd3 Ba3 12. Qd2 Bxb2 13. Qxb2 b6 14. 0-0 Bb7 15. Ng5 Nf6 16. f3 0-0 17. Rfe1 Rac8 18. Rac1 Rfd8 19. Qf2 h6 20. Ne4 Nd5 21. Qh4 Qf4 22. Qxf4 Nxf4 23. Bf1 Kf8 24. Red1 Nd5 25. Kf2 f5 26. c4 fxe4 27. cxd5 Bxd5 28. fxe4 Bxa2 29. Ke3 a5 30. Ba6 Rxc1 31. Rxc1 a4 32. Ra1 Bb3 33. Bb5 Ke7 34. Kd3 e5 35. d5 Rc8 36. Bc6 Rc7 37. Kc3 Ra7 38. Kb4 Kd6 39. Bb5 Bc2 40. Bxa4 Bxe4 41. Kb5 Bc2 0-1

[Event "Aragon-chT"]
[Site "Aragon"]
[Date "2003.03.15"]
[Round "8"]
[White "Delgado Crespo, Mairelys"]
[Black "Gomez Anadon, Daniel"]
[Result "0-1"]
[WhiteElo "2271"]
[BlackElo "2231"]
[PlyCount "72"]
[EventDate "2003.02.??"]
[EventType "team"]
[EventRounds "9"]
[EventCountry "ESP"]
[SourceTitle "EXT 2004"]
[Source "ChessBase"]
[SourceDate "2003.11.25"]
[SourceVersion "1"]
[SourceVersionDate "2003.11.25"]
[SourceQuality "1"]

1. e4 c5 2. Nf3 d6 3. d4 Nf6 4. Nc3 cxd4 5. Qxd4 a6 6. Bg5 Nc6 7. Qd2 e6 8. 0-0-0 Qc7 9. Bf4 Ng4 10. h3 Nge5 11. Nd4 Be7 12. Be3 Nxd4 13. Qxd4 0-0 14. Qb6 Qc6 15. Qxc6 bxc6 16. Na4 Nd7 17. c4 Rb8 18. Be2 g6 19. g4 Bb7 20. f4 c5 21. Bf3 f5 22. gxf5 gxf5 23. Rhg1+ Kh8 24. Nc3 Nf6 25. e5 Bxf3 26. exf6 Rxf6 27. Rde1 Bc6 28. Bd2 Bf8 29. Nd5 exd5 30. cxd5 Be8 31. Bc3 Bg7 32. Bxf6 Bxf6 33. Re6 Bxb2+ 34. Kd2 c4 35. Rxd6 c3+ 36. Ke3 Ba3 0-1

[Event "Aragon-chT"]
[Site "Aragon"]
[Date "2003.03.08"]
[Round "7"]
[White "Mimbela Lopez, Miguel Angel"]
[Black "Delgado Crespo, Mairelys"]
[Result "0-1"]
[WhiteElo "2252"]
[BlackElo "2271"]
[PlyCount "80"]
[EventDate "2003.02.??"]
[EventType "team"]
[EventRounds "9"]
[EventCountry "ESP"]
[SourceTitle "EXT 2004"]
[Source "ChessBase"]
[SourceDate "2003.11.25"]
[SourceVersion "1"]
[SourceVersionDate "2003.11.25"]
[SourceQuality "1"]

1. d4 d5 2. c4 c6 3. cxd5 cxd5 4. Nc3 Nf6 5. Bf4 Nc6 6. e3 a6 7. Bd3 Bg4 8. Nge2 e6 9. 0-0 Bd6 10. f3 Bh5 11. Rc1 Bg6 12. a3 0-0 13. b4 Bxd3 14. Qxd3 Bxf4 15. exf4 Ne7 16. Na4 Nf5 17. Nec3 Nd6 18. Nd1 Rc8 19. Ne3 Qe8 20. Nc5 Qb5 21. Qd2 b6 22. Nd3 Nc4 23. Nxc4 dxc4 24. Ne5 Nd5 25. g3 c3 26. Qf2 Rfd8 27. Rfe1 a5 28. bxa5 Qxa5 29. f5 exf5 30. Qa2 Qa4 31. Qf2 Qxa3 32. Qe2 Qb4 33. Kg2 f4 34. Qe4 Ne3+ 35. Kh1 Qxd4 36. Qxd4 Rxd4 37. gxf4 c2 38. Nc6 Rxc6 39. Rxe3 Rd1+ 40. Kg2 g6 0-1

[Event "Aragon-chT"]
[Site "Aragon"]
[Date "2003.02.01"]
[Round "2"]
[White "Delgado Crespo, Mairelys"]
[Black "Arino Lison, Juan Jose"]
[Result "1-0"]
[WhiteElo "2284"]
[BlackElo "2126"]
[PlyCount "43"]
[EventDate "2003.02.??"]
[EventType "team"]
[EventRounds "9"]
[EventCountry "ESP"]
[SourceTitle "EXT 2004"]
[Source "ChessBase"]
[SourceDate "2003.11.25"]
[SourceVersion "1"]
[SourceVersionDate "2003.11.25"]
[SourceQuality "1"]

1. e4 c6 2. d4 d5 3. e5 c5 4. dxc5 Nc6 5. Bb5 Qa5+ 6. Nc3 e6 7. Be3 Bd7 8. Bxc6 Bxc6 9. Qd4 Ne7 10. b4 Qc7 11. Nf3 Nf5 12. Qd3 Nxe3 13. Qxe3 a5 14. b5 Bd7 15. c6 bxc6 16. b6 Qb7 17. Rb1 c5 18. Nb5 Bxb5 19. Rxb5 Qa6 20. Qb3 c4 21. Qa4 Bb4+ 22. Rxb4+ 1-0

[Event "Capablanca Memorial Mixto 36th"]
[Site "Havana"]
[Date "2001.05.12"]
[Round "7"]
[White "Fleites Marti, Yuleikys"]
[Black "Delgado Crespo, Mairelys"]
[Result "1/2-1/2"]
[WhiteElo "2226"]
[BlackElo "2235"]
[PlyCount "35"]
[EventDate "2001.05.05"]
[EventType "tourn"]
[EventRounds "13"]
[EventCountry "CUB"]
[EventCategory "1"]
[SourceTitle "CBM 082 Extra"]
[Source "ChessBase"]
[SourceDate "2001.07.03"]
[SourceVersion "1"]
[SourceVersionDate "2001.07.03"]
[SourceQuality "1"]

1. e4 c5 2. Nf3 e6 3. d4 cxd4 4. Nxd4 Nf6 5. Nc3 Nc6 6. Nxc6 bxc6 7. e5 Nd5 8. Nxd5 cxd5 9. Bd3 Ba6 10. 0-0 Bxd3 11. Qxd3 Qc7 12. Bf4 f5 13. Rac1 Rc8 14. b3 Qc3 15. Qxc3 Rxc3 16. Be3 Rc7 17. c4 dxc4 18. Rxc4 1/2-1/2